Largest First-Level Country Subdivisions - Statistics

General Stats
  • This quiz has been taken 14 times
  • The average score is 12 of 16
Answer Stats
Country Area Division % Correct
Denmark 2.17 mil Greenland
92%
United States 1.72 mil Alaska
85%
China 1.18 mil Inner Mongolia
85%
Canada 2.00 mil Nunavut
85%
Canada 1.54 mil Quebec
85%
Russia 3.08 mil Sakha
85%
Australia 2.53 mil Western Australia
85%
Brazil 1.57 mil Amazonas
77%
Australia 1.35 mil Northern Territory
77%
Canada 1.35 mil Northwest Territories
77%
Australia 1.73 mil Queensland
77%
China 1.23 mil Tibet
77%
Canada 1.08 mil Ontario
69%
China 1.66 mil Xinjiang
69%
Russia 2.37 mil Krasnoyarsk Krai
46%
Brazil 1.25 mil Pará
38%
No matching quizzes found
Score Distribution
Percent of People with Each Score
Percentile by Number Answered
Your Score History
You have not taken this quiz